1080 1838 1131 1751 1621 1586 1097 1582 1810 1587 1929 1566 1441 1065 1080 1875 1566 1970 1580 1126 1320 1377 1472 1087 1142 1191 1828 1866 1871 1343 1474 1113 1932 1737 1803 1712 1576 1540 1049 1329 1301 1262 1279 1398 1059 1101 1961 1573 1297 1403 1174 1223 1205 1799 1390 1447 1649 1821 1837 1077 1961 1429 1393 1813 1313 1791 1331 1238 1777 1792 1165 1858 1948 1743 1897 1680 2000 1778 1112 1083 1807 1914 1889 1675 1188 1833 1705 1168 1369 1436 1731 1122 1226 1123 1491 1765 1082 1436 1831 BCNSPRNW ULIB Ver.6.0+V

เปลี่ยนเป็นภาษาไทย

Change to English
 แสดงรายละเอียดบรรณานุกรม
  กลับหน้าหลัก

Brief Record : Get Marc (ISO 2709) : E-mail record : QR code < ปิดหน้าต่าง
LEADER : 00000nam 2200000uu 4500
001    13399127663
003     ULIB
008    210317s2561||||th 000 0 tha d
020    ^a9786164431959
060    ^aWL100^bก632ก
100    ^aกิ่งแก้ว ปาจรีย์, บรรณาธิการ
245    ^aการฟื้นฟูระบบประสาททันยุค 2561/^cกิ่งแก้ว ปาจรีย์, บรรณาธิการ
250    ^aพิมพครั้งที่ 1
260    ^aกรุงเทพฯ :^bภาควิชาเวชศาสตร์ฟื้นฟู คณะแพทยศาสตร์ศิริราชพยาบาล มหาวิทยาลัยมหิดล,^c2561.
300    ^a221 หน้า :^bภาพประกอบ ;^c26 ซม.
650    ^aระบบประสาท
650    ^aเวชศาสตร์ฟื้นฟู
710    ^aมหาวิทยาลัยมหิดล. คณะแพทยศาสตร์ศิริราชพยาบาล
945    ^p230^l0^i28744
945    ^p230^l0^i28745
945    ^p230^l0^i28746
945    ^p230^l0^i28747
945    ^p230^l0^i28748
999    ^aกัณชพร จุลอักษร
รายการนี้ยังไม่มีแท็ก
คุณยังไม่ได้ล็อกอิน คุณสามารถมีกิจกรรมร่วมกับเว็บไซต์ได้ แต่ต้องล็อกอินก่อน ::
  ล็อกอิน

รายการสื่อสารสนเทศ

ลำดับที่ ประเภท เลขเรียก/บาร์โค้ด สถานที่ สถานะ
1. หนังสือสำรอง
หนังสือสำรอง
WL100 ก632ก ฉ.1 
  Barcode: 28744
ห้องสมุดวิทยาเขตนครสวรรค์
►หนังสือทั่วไป:l:General Books
บนชั้น
2. วิทยาศาสตร์การแพทย์ และสุขภาพ
วิทยาศาสตร์การแพทย์ และสุขภาพ
WL100 ก632ก ฉ.2 
  Barcode: 28745
ห้องสมุดวิทยาเขตนครสวรรค์
►หนังสือทั่วไป:l:General Books
บนชั้น
3. วิทยาศาสตร์การแพทย์ และสุขภาพ
วิทยาศาสตร์การแพทย์ และสุขภาพ
WL100 ก632ก ฉ.3 
  Barcode: 28746
ห้องสมุดวิทยาเขตนครสวรรค์
►หนังสือทั่วไป:l:General Books
บนชั้น
4. วิทยาศาสตร์การแพทย์ และสุขภาพ
วิทยาศาสตร์การแพทย์ และสุขภาพ
WL100 ก632ก ฉ.4 
  Barcode: 28747
ห้องสมุดวิทยาเขตนครสวรรค์
►หนังสือทั่วไป:l:General Books
บนชั้น
5. วิทยาศาสตร์การแพทย์ และสุขภาพ
วิทยาศาสตร์การแพทย์ และสุขภาพ
WL100 ก632ก ฉ.5 
  Barcode: 28748
ห้องสมุดวิทยาเขตนครสวรรค์
►หนังสือทั่วไป:l:General Books
บนชั้น

รายการใกล้เคียง
    ผู้แต่ง [กิ่งแก้ว ปาจรีย์, บรรณาธิการ]

    หัวเรื่อง [ระบบประสาท]
    หัวเรื่อง [เวชศาสตร์ฟื้นฟู]

BibComment


ยังไม่เคยถูกคอมเมนท์

คอมเมนท์ทรัพยากรรายการนี้
  คอมเมนท์: การฟื้นฟูระบบประ..


 Copyright 2026. Bcnsprnw @Library